000 00789nam a2200229Ia 4500
003 OSt
005 20220923220257.0
006 a|||||r|||| 00| 0
007 ta
008 220922b |||||||| |||| 00| 0 hin d
024 _a185,645
037 _cTextual
040 _aARTS
_cARTS
_bhin
041 _2hin
_ahin
082 _aY1:1.2, 152J8-;1
100 _aआबिद हुसैन, एस0
_9164080
245 0 _aभारत की राष्ट्रीय संस्कृति, महेन्द्र चतुर्वेदी अनु
246 _aBhārat kī rāṣhṭrīya sanskṛuti, hinendra chaturvedī anu0
260 _c1958
942 _hY1:1.2, 152J8-;1
_cTEXL
_2CC
999 _c338891
_d338891